[Event "11th Arad Open 2018"]
[Site "Arad"]
[Date "2018.08.09"]
[Round "6"]
[White "Pisu, Robert-Daniel"]
[Black "Plugaru, Rares"]
[Result "1/2-1/2"]
[WhiteElo "2282"]
[BlackElo "1948"]
[Annotator "NA"]
[PlyCount "152"]
[EventDate "2018.08.05"]
[EventType "swiss"]
[EventCountry "ROU"]
[SourceTitle "playchess.com"]
[Source "ChessBase"]
[SourceQuality "1"]
[TimeControl "40/5400+30:1800+30"]

1. d4 {[%emt 0:00:00]} Nf6 {[%emt 0:00:00]} 2. g3 {[%emt 0:00:00]} e6 {[%emt 0:02:49]} 3. Bg2 {[%emt 0:00:06]} c5 {[%emt 0:00:46]} 4. Nf3 {[%emt 0:02:33]} Nc6 {[%emt 0:01:53]} 5. O-O {[%emt 0:01:50]} d5 {[%emt 0:03:30]} 6. c4 {[%emt 0:00:56]} dxc4 {[%emt 0:02:03]} 7. Qa4 {[%emt 0:00:08]} Bd7 {[%emt 0:00:18]} 8. dxc5 {[%emt 0:00:10]} Bxc5 {[%emt 0:01:57]} 9. Qxc4 {[%emt 0:00:10]} Qe7 {[%emt 0:10:42]} 10. Bg5 {[%emt 0:07:05]} Bb6 {[%emt 0:04:30]} 11. Rd1 {[%emt 0:23:57]} e5 {[%emt 0:23:40]} 12. Nc3 {[%emt 0:07:31]} Qe6 {[%emt 0:10:05]} 13. Nb5 {[%emt 0:20:31]} Qxc4 {[%emt 0:09:07]} 14. Nd6+ {[%emt 0:00:11]} Ke7 {[%emt 0:00:17]} 15. Nxc4 {[%emt 0:00:08]} h6 {[%emt 0:01:21]} 16. Bxf6+ {[%emt 0:10:02]} gxf6 {[%emt 0:00:35]} 17. Nxb6 {[%emt 0:02:43]} axb6 {[%emt 0:00:06]} 18. Nh4 {[%emt 0:09:41]} Bg4 {[%emt 0:05:40]} 19. Be4 {[%emt 0:04:14]} Rhd8 {[%emt 0:03:52]} 20. f3 {[%emt 0:01:40]} Be6 {[%emt 0:01:06]} 21. a3 {[%emt 0:02:07]} Na5 {[%emt 0:03:28]} 22. Nf5+ {[%emt 0:01:17]} Bxf5 {[%emt 0:00:38]} 23. Bxf5 {[%emt 0:00:01]} Nc4 {[%emt 0:02:19]} 24. Rxd8 {[%emt 0:00:05]} Rxd8 {[%emt 0:00:20]} 25. Rc1 {[%emt 0:00:16]} Nxb2 {[%emt 0:00:57]} 26. Rc7+ {[%emt 0:01:24]} Kf8 {[%emt 0:00:10]} 27. Rxb7 {[%emt 0:00:08]} Rd1+ {[%emt 0:00:26]} 28. Kg2 {[%emt 0:01:03]} Rd6 {[%emt 0:06:21]} 29. Rb8+ {[%emt 0:01:39]} Kg7 {[%emt 0:00:11]} 30. Rc8 {[%emt 0:00:21]} Rd2 {[%emt 0:02:21]} 31. Kf2 {[%emt 0:00:23]} Rd4 {[%emt 0:03:08]} 32. Bc2 {[%emt 0:02:00]} Nd1+ {[%emt 0:00:48]} 33. Ke1 {[%emt 0:00:28]} Ne3 {[%emt 0:00:15]} 34. Bb3 {[%emt 0:00:14]} Nf5 {[%emt 0:00:36]} 35. Rc6 {[%emt 0:01:06]} b5 {[%emt 0:00:17]} 36. Rc5 {[%emt 0:01:14]} Nd6 {[%emt 0:00:21]} 37. Kf2 {[%emt 0:00:35]} Rd2 {[%emt 0:00:39]} 38. Rc6 {[%emt 0:00:21]} Kf8 {[%emt 0:00:54]} 39. Ke3 {[%emt 0:00:34]} Rb2 {[%emt 0:00:30]} 40. Bd5 {[%emt 0:00:00]} Nf5+ {[%emt 0:00:00]} 41. Kd3 {[%emt 0:22:34]} Ne7 {[%emt 0:15:49]} 42. Rc5 {[%emt 0:00:20]} Nxd5 {[%emt 0:00:14]} 43. Rxd5 {[%emt 0:00:04]} Rb3+ {[%emt 0:00:03]} 44. Ke4 {[%emt 0:00:19]} Rxa3 {[%emt 0:00:03]} 45. Rxb5 {[%emt 0:00:05]} Ra2 {[%emt 0:00:07]} 46. Kf5 {[%emt 0:00:49]} Kg7 {[%emt 0:00:14]} 47. Rb4 {[%emt 0:00:31]} Rxe2 {[%emt 0:01:22]} 48. Rg4+ {[%emt 0:00:05]} Kf8 {[%emt 0:01:30]} 49. Kxf6 {[%emt 0:00:21]} Rxh2 {[%emt 0:00:19]} 50. Rg7 {[%emt 0:00:52]} Rf2 {[%emt 0:00:10]} 51. Rxf7+ {[%emt 0:00:07]} Kg8 {[%emt 0:00:27]} 52. Kg6 {[%emt 0:00:30]} Rg2 {[%emt 0:01:39]} 53. g4 {[%emt 0:00:27]} Rg3 {[%emt 0:02:00]} 54. Rf5 {[%emt 0:04:23]} e4 {[%emt 0:00:36]} 55. Re5 {[%emt 0:00:08]} Rxf3 {[%emt 0:00:04]} 56. Rxe4 {[%emt 0:00:19]} Rf8 {[%emt 0:00:16]} 57. Re6 {[%emt 0:02:25]} Rb8 {[%emt 0:00:54]} 58. Ra6 {[%emt 0:01:17]} h5 {[%emt 0:04:28]} 59. Kxh5 {[%emt 0:00:19]} Rb7 {[%emt 0:00:16]} 60. Kg6 {[%emt 0:01:55]} Rg7+ {[%emt 0:00:17]} 61. Kf5 {[%emt 0:00:06]} Rf7+ {[%emt 0:00:21]} 62. Rf6 {[%emt 0:00:06]} Rb7 {[%emt 0:00:14]} 63. g5 {[%emt 0:00:24]} Kg7 {[%emt 0:00:10]} 64. Rg6+ {[%emt 0:00:06]} Kf7 {[%emt 0:00:05]} 65. Rh6 {[%emt 0:00:31]} Rb5+ {[%emt 0:00:10]} 66. Kg4 {[%emt 0:00:06]} Kg7 {[%emt 0:00:05]} 67. Ra6 {[%emt 0:00:11]} Rb1 {[%emt 0:00:09]} 68. Ra7+ {[%emt 0:00:20]} Kg6 {[%emt 0:00:01]} 69. Ra6+ {[%emt 0:00:06]} Kg7 {[%emt 0:00:03]} 70. Rf6 {[%emt 0:01:42]} Rg1+ {[%emt 0:00:06]} 71. Kf5 {[%emt 0:00:04]} Rf1+ {[%emt 0:00:05]} 72. Ke6 {[%emt 0:00:03]} Re1+ {[%emt 0:00:04]} 73. Kd6 {[%emt 0:00:08]} Rg1 {[%emt 0:00:07]} 74. Rf5 {[%emt 0:00:03]} Kg6 {[%emt 0:00:04]} 75. Rd5 {[%emt 0:00:03]} Rxg5 {[%emt 0:00:06]} 76. Rxg5+ {[%emt 0:00:02]} Kxg5 {[%emt 0:00:01]} 1/2-1/2

[Event "11th Arad Open 2018"]
[Site "Arad"]
[Date "2018.08.09"]
[Round "6"]
[White "Cvetkovic, Srdjan"]
[Black "Zawadzka, Jolanta"]
[Result "0-1"]
[WhiteElo "2252"]
[BlackElo "2435"]
[Annotator "NA"]
[PlyCount "76"]
[EventDate "2018.08.05"]
[EventType "swiss"]
[EventCountry "ROU"]
[SourceTitle "playchess.com"]
[Source "ChessBase"]
[SourceQuality "1"]
[TimeControl "40/5400+30:1800+30"]

1. c4 {[%emt 0:00:00]} c6 {[%emt 0:00:35]} 2. Nf3 {[%emt 0:04:59]} d5 {[%emt 0:00:09]} 3. b3 {[%emt 0:04:03]} Bg4 {[%emt 0:00:31]} 4. Bb2 {[%emt 0:06:32]} Nf6 {[%emt 0:00:38]} 5. e3 {[%emt 0:04:24]} Nbd7 {[%emt 0:01:08]} 6. h3 {[%emt 0:06:03]} Bh5 {[%emt 0:04:16]} 7. cxd5 {[%emt 0:13:08]} cxd5 {[%emt 0:06:29]} 8. g4 {[%emt 0:14:36]} Bg6 {[%emt 0:00:26]} 9. g5 {[%emt 0:03:28]} Ne4 {[%emt 0:04:10]} 10. Nc3 {[%emt 0:03:43]} e6 {[%emt 0:08:44]} 11. Nxe4 {[%emt 0:01:01]} dxe4 {[%emt 0:02:05]} 12. Ne5 {[%emt 0:06:29]} Nxe5 {[%emt 0:00:18]} 13. Bxe5 {[%emt 0:00:04]} Qxg5 {[%emt 0:05:04]} 14. Bb2 {[%emt 0:01:14]} Rd8 {[%emt 0:18:53]} 15. h4 {[%emt 0:02:51]} Qa5 {[%emt 0:00:09]} 16. a3 {[%emt 0:00:05]} Bh5 {[%emt 0:04:13]} 17. Qc2 {[%emt 0:03:28]} f6 {[%emt 0:02:36]} 18. Bd4 {[%emt 0:08:05]} Bf3 {[%emt 0:06:43]} 19. Rg1 {[%emt 0:01:10]} Kf7 {[%emt 0:01:08]} 20. b4 {[%emt 0:02:06]} Qd5 {[%emt 0:01:05]} 21. Qc7+ {[%emt 0:04:07]} Rd7 {[%emt 0:03:02]} 22. Qc8 {[%emt 0:00:34]} Rd8 {[%emt 0:06:35]} 23. Qc7+ {[%emt 0:00:06]} Qd7 {[%emt 0:00:06]} 24. Qxd7+ {[%emt 0:02:25]} Rxd7 {[%emt 0:00:02]} 25. Bxa7 {[%emt 0:00:34]} Bd6 {[%emt 0:00:17]} 26. Be2 {[%emt 0:00:43]} Be5 {[%emt 0:04:54]} 27. Bxf3 {[%emt 0:02:29]} Bxa1 {[%emt 0:00:38]} 28. Bxe4 {[%emt 0:00:13]} Ra8 {[%emt 0:01:02]} 29. Ke2 {[%emt 0:01:01]} Be5 {[%emt 0:01:37]} 30. Bb6 {[%emt 0:00:54]} f5 {[%emt 0:04:26]} 31. Bd3 {[%emt 0:01:30]} Rxa3 {[%emt 0:03:47]} 32. Bb5 {[%emt 0:00:05]} Rd6 {[%emt 0:00:18]} 33. Bc7 {[%emt 0:01:52]} Rd5 {[%emt 0:00:38]} 34. Bxe5 {[%emt 0:00:06]} Rxe5 {[%emt 0:00:06]} 35. Bc4 {[%emt 0:00:07]} Re4 {[%emt 0:00:13]} 36. Rc1 {[%emt 0:00:50]} Rxh4 {[%emt 0:00:20]} 37. f4 {[%emt 0:00:22]} Rh2+ {[%emt 0:00:42]} 38. Ke1 {[%emt 0:00:14]} Kf6 {[%emt 0:01:02]} 0-1

[Event "11th Arad Open 2018"]
[Site "Arad"]
[Date "2018.08.09"]
[Round "6"]
[White "Vujacic, Borivoje"]
[Black "Coca, Cristi-Iulian"]
[Result "1-0"]
[WhiteElo "2235"]
[BlackElo "2024"]
[Annotator "NA"]
[PlyCount "103"]
[EventDate "2018.08.05"]
[EventType "swiss"]
[EventCountry "ROU"]
[SourceTitle "playchess.com"]
[Source "ChessBase"]
[SourceQuality "1"]
[TimeControl "40/5400+30:1800+30"]

1. e4 {[%emt 0:00:00]} c5 {[%emt 0:00:00]} 2. Nf3 {[%emt 0:00:12]} e6 {[%emt 0:00:00]} 3. d4 {[%emt 0:00:31]} cxd4 {[%emt 0:00:00]} 4. Nxd4 {[%emt 0:00:06]} a6 {[%emt 0:00:00]} 5. Nc3 {[%emt 0:00:11]} Qc7 {[%emt 0:00:00]} 6. Bd3 {[%emt 0:00:28]} Nf6 {[%emt 0:00:03]} 7. O-O {[%emt 0:01:36]} b5 {[%emt 0:00:39]} 8. a3 Bb7 {[%emt 0:01:19]} 9. Kh1 {[%emt 0:04:01]} d6 {[%emt 0:01:44]} 10. f4 {[%emt 0:00:22]} Nbd7 {[%emt 0:00:27]} 11. Qe2 {[%emt 0:04:52]} Be7 {[%emt 0:03:42]} 12. Bd2 {[%emt 0:00:41]} O-O {[%emt 0:04:34]} 13. Rae1 {[%emt 0:05:30]} Rfe8 {[%emt 0:05:26]} 14. Qf2 {[%emt 0:10:57]} g6 {[%emt 0:06:49]} 15. Qg3 {[%emt 0:07:44]} Bf8 {[%emt 0:03:08]} 16. f5 {[%emt 0:02:10]} Bg7 {[%emt 0:12:30]} 17. fxe6 {[%emt 0:08:09]} fxe6 {[%emt 0:01:05]} 18. Qh3 {[%emt 0:04:57]} Nf8 {[%emt 0:00:40]} 19. Qh4 {[%emt 0:03:14]} N6d7 {[%emt 0:15:58]} 20. Nf3 {[%emt 0:01:31]} Ne5 {[%emt 0:13:29]} 21. Nxe5 {[%emt 0:03:23]} Bxe5 {[%emt 0:01:35]} 22. Rf3 {[%emt 0:00:52]} Nd7 {[%emt 0:16:30]} 23. Ref1 {[%emt 0:05:17]} Nc5 {[%emt 0:00:11]} 24. Bh6 {[%emt 0:03:52]} Bg7 {[%emt 0:03:15]} 25. h3 {[%emt 0:04:46]} Rf8 26. Rxf8+ {[%emt 0:07:36]} Rxf8 {[%emt 0:02:06]} 27. Rxf8+ {[%emt 0:00:51]} Bxf8 {[%emt 0:00:30]} 28. Bxf8 {[%emt 0:00:38]} Kxf8 {[%emt 0:00:56]} 29. Qf6+ {[%emt 0:00:07]} Kg8 {[%emt 0:00:28]} 30. b4 {[%emt 0:05:34]} Nxd3 {[%emt 0:00:29]} 31. cxd3 {[%emt 0:01:08]} Bc8 {[%emt 0:01:12]} 32. Ne2 {[%emt 0:00:31]} Qf7 {[%emt 0:03:16]} 33. Qd8+ {[%emt 0:00:38]} Qf8 {[%emt 0:00:03]} 34. Qc7 {[%emt 0:00:29]} e5 {[%emt 0:01:39]} 35. Ng1 {[%emt 0:00:21]} Be6 {[%emt 0:00:40]} 36. Qc6 {[%emt 0:00:47]} Bc8 {[%emt 0:00:16]} 37. Qc7 {[%emt 0:01:35]} Be6 {[%emt 0:00:06]} 38. Qa7 {[%emt 0:03:06]} Bc8 {[%emt 0:00:06]} 39. d4 {[%emt 0:00:53]} exd4 {[%emt 0:03:22]} 40. Qxd4 {[%emt 0:00:00]} Qe7 {[%emt 0:00:00]} 41. Nf3 {[%emt 0:17:13]} Bb7 {[%emt 0:17:13]} 42. Nd2 {[%emt 0:00:38]} Kf7 {[%emt 0:03:37]} 43. Kg1 {[%emt 0:00:33]} Ke6 {[%emt 0:01:43]} 44. Qb6 {[%emt 0:02:44]} Kf7 {[%emt 0:00:42]} 45. Qa7 {[%emt 0:01:07]} Qc7 {[%emt 0:00:57]} 46. Kf2 {[%emt 0:00:46]} Ke6 {[%emt 0:01:01]} 47. Qd4 {[%emt 0:01:34]} d5 {[%emt 0:01:22]} 48. e5 {[%emt 0:07:18]} h5 {[%emt 0:04:54]} 49. Nf3 {[%emt 0:00:12]} Bc8 {[%emt 0:01:47]} 50. Qf4 {[%emt 0:01:13]} Qc2+ {[%emt 0:02:06]} 51. Kg3 {[%emt 0:00:15]} Qf5 {[%emt 0:00:09]} 52. Nd4+ {[%emt 0:00:08]} 1-0

[Event "11th Arad Open 2018"]
[Site "Arad"]
[Date "2018.08.09"]
[Round "6"]
[White "Dinu, Dumitru-Daniel"]
[Black "Macovei, Andrei"]
[Result "0-1"]
[WhiteElo "2225"]
[BlackElo "2394"]
[Annotator "NA"]
[PlyCount "64"]
[EventDate "2018.08.05"]
[EventType "swiss"]
[EventCountry "ROU"]
[SourceTitle "playchess.com"]
[Source "ChessBase"]
[SourceQuality "1"]
[TimeControl "40/5400+30:1800+30"]

1. c4 {[%emt 0:02:10]} Nf6 {[%emt 0:01:41]} 2. Nc3 {[%emt 0:00:33]} e5 {[%emt 0:00:15]} 3. g3 {[%emt 0:00:16]} Bb4 {[%emt 0:00:54]} 4. Bg2 {[%emt 0:00:21]} Bxc3 {[%emt 0:02:54]} 5. dxc3 {[%emt 0:01:30]} d6 {[%emt 0:01:45]} 6. Nf3 {[%emt 0:00:11]} O-O {[%emt 0:00:46]} 7. O-O {[%emt 0:00:31]} Nc6 {[%emt 0:02:58]} 8. e4 {[%emt 0:03:24]} Nxe4 {[%emt 0:12:18]} 9. Nxe5 {[%emt 0:05:24]} Nxe5 {[%emt 0:00:21]} 10. Bxe4 {[%emt 0:00:04]} Nxc4 {[%emt 0:00:42]} 11. Bxh7+ {[%emt 0:21:07]} Kxh7 {[%emt 0:00:47]} 12. Qd3+ {[%emt 0:00:01]} Kg8 {[%emt 0:00:13]} 13. Qxc4 {[%emt 0:00:02]} Be6 {[%emt 0:13:22]} 14. Qd4 {[%emt 0:05:40]} Qd7 {[%emt 0:01:49]} 15. Bf4 {[%emt 0:04:43]} Qc6 {[%emt 0:05:09]} 16. f3 {[%emt 0:23:24]} Rfe8 {[%emt 0:12:06]} 17. b3 {[%emt 0:06:13]} a5 {[%emt 0:04:01]} 18. c4 {[%emt 0:05:38]} a4 {[%emt 0:01:14]} 19. Bd2 {[%emt 0:01:14]} axb3 {[%emt 0:02:21]} 20. Bc3 {[%emt 0:00:48]} f6 {[%emt 0:00:01]} 21. axb3 {[%emt 0:00:09]} Rxa1 {[%emt 0:00:38]} 22. Bxa1 {[%emt 0:08:34]} Bh3 {[%emt 0:00:07]} 23. Rc1 {[%emt 0:02:56]} Qxf3 {[%emt 0:00:18]} 24. Qd5+ {[%emt 0:00:01]} Qxd5 {[%emt 0:00:28]} 25. cxd5 {[%emt 0:00:02]} Re2 {[%emt 0:00:14]} 26. Bc3 {[%emt 0:00:35]} Kf8 {[%emt 0:04:32]} 27. Bb4 {[%emt 0:00:38]} Rg2+ {[%emt 0:00:25]} 28. Kh1 {[%emt 0:00:14]} Rb2 {[%emt 0:00:11]} 29. Kg1 {[%emt 0:03:32]} Rxb3 {[%emt 0:00:22]} 30. Be1 {[%emt 0:00:10]} Re3 {[%emt 0:01:34]} 31. Kf2 {[%emt 0:00:08]} Re7 {[%emt 0:00:02]} 32. Kf3 {[%emt 0:00:25]} Bf5 {[%emt 0:00:50]} 0-1

[Event "11th Arad Open 2018"]
[Site "Arad"]
[Date "2018.08.09"]
[Round "6"]
[White "Vachylia, Andrii"]
[Black "Soltanici, Ruslan"]
[Result "0-1"]
[WhiteElo "2192"]
[BlackElo "2383"]
[Annotator "NA"]
[PlyCount "114"]
[EventDate "2018.08.05"]
[EventType "swiss"]
[EventCountry "ROU"]
[SourceTitle "playchess.com"]
[Source "ChessBase"]
[SourceQuality "1"]
[TimeControl "40/5400+30:1800+30"]

1. d4 {[%emt 0:00:00]} Nf6 {[%emt 0:00:00]} 2. c4 {[%emt 0:00:00]} e6 {[%emt 0:00:22]} 3. Nf3 {[%emt 0:00:00]} b6 {[%emt 0:00:26]} 4. g3 {[%emt 0:00:00]} Ba6 {[%emt 0:00:56]} 5. Qc2 {[%emt 0:00:01]} Bb7 {[%emt 0:04:51]} 6. Bg2 {[%emt 0:00:19]} c5 {[%emt 0:00:20]} 7. d5 {[%emt 0:00:05]} exd5 {[%emt 0:01:05]} 8. cxd5 {[%emt 0:00:04]} Nxd5 {[%emt 0:04:00]} 9. O-O {[%emt 0:00:10]} Be7 {[%emt 0:00:36]} 10. Rd1 {[%emt 0:00:10]} Nc6 {[%emt 0:01:32]} 11. Qf5 {[%emt 0:01:09]} Nf6 {[%emt 0:05:25]} 12. e4 {[%emt 0:00:08]} g6 {[%emt 0:06:19]} 13. Qf4 {[%emt 0:00:26]} O-O {[%emt 0:09:07]} 14. e5 {[%emt 0:00:04]} Nh5 {[%emt 0:00:37]} 15. Qg4 {[%emt 0:00:09]} d5 {[%emt 0:15:15]} 16. Nc3 {[%emt 0:00:46]} d4 {[%emt 0:02:59]} 17. Bh6 {[%emt 0:00:09]} Qc8 {[%emt 0:00:17]} 18. Qxc8 {[%emt 0:06:56]} Rfxc8 {[%emt 0:01:59]} 19. Nd5 {[%emt 0:00:15]} Bf8 {[%emt 0:04:30]} 20. Bg5 {[%emt 0:00:59]} h6 {[%emt 0:10:46]} 21. g4 {[%emt 0:09:00]} Nd8 {[%emt 0:02:16]} 22. Bxh6 {[%emt 0:15:43]} Bxd5 {[%emt 0:02:24]} 23. Bxf8 {[%emt 0:00:05]} Nf4 {[%emt 0:02:53]} 24. Bh6 {[%emt 0:00:06]} Nde6 {[%emt 0:00:36]} 25. Ne1 {[%emt 0:09:51]} Nxg2 {[%emt 0:05:11]} 26. Nxg2 {[%emt 0:00:32]} Bf3 {[%emt 0:00:26]} 27. Rd3 {[%emt 0:00:12]} Bxg4 {[%emt 0:00:23]} 28. Rg3 {[%emt 0:00:53]} Bh5 {[%emt 0:04:32]} 29. Nf4 {[%emt 0:02:30]} Nxf4 {[%emt 0:04:52]} 30. Bxf4 {[%emt 0:00:05]} c4 {[%emt 0:00:02]} 31. Bd2 {[%emt 0:03:30]} Rc5 {[%emt 0:00:37]} 32. Rc1 {[%emt 0:01:58]} Rac8 {[%emt 0:01:53]} 33. f4 {[%emt 0:00:48]} Rb5 {[%emt 0:02:23]} 34. b3 {[%emt 0:00:21]} c3 {[%emt 0:00:25]} 35. Rd3 {[%emt 0:20:43]} Bg4 {[%emt 0:01:01]} 36. Be1 {[%emt 0:05:25]} Rd5 {[%emt 0:00:24]} 37. Kf1 {[%emt 0:01:05]} Bf5 {[%emt 0:01:03]} 38. Rdd1 {[%emt 0:00:05]} Bg4 {[%emt 0:01:04]} 39. Rd3 {[%emt 0:01:32]} Bf5 {[%emt 0:00:40]} 40. Rdd1 {[%emt 0:00:00]} a5 {[%emt 0:00:00]} 41. Kf2 {[%emt 0:16:54]} Rdd8 {[%emt 0:22:34]} 42. a3 {[%emt 0:02:14]} Bg4 {[%emt 0:06:07]} 43. Rd3 {[%emt 0:00:06]} b5 {[%emt 0:00:36]} 44. b4 {[%emt 0:00:14]} axb4 {[%emt 0:00:41]} 45. axb4 {[%emt 0:00:03]} Ra8 {[%emt 0:02:01]} 46. Kg1 {[%emt 0:01:58]} Bf5 {[%emt 0:00:22]} 47. Rdd1 {[%emt 0:00:11]} Bg4 {[%emt 0:00:57]} 48. Rd3 {[%emt 0:00:05]} Be2 {[%emt 0:00:21]} 49. Rg3 {[%emt 0:00:05]} d3 {[%emt 0:04:00]} 50. Bxc3 {[%emt 0:00:13]} Rac8 {[%emt 0:01:02]} 51. Bd2 {[%emt 0:01:44]} Rxc1+ {[%emt 0:00:02]} 52. Bxc1 {[%emt 0:00:03]} d2 {[%emt 0:00:11]} 53. Bxd2 {[%emt 0:00:07]} Rxd2 {[%emt 0:00:01]} 54. f5 {[%emt 0:00:05]} Bd3 {[%emt 0:00:36]} 55. f6 {[%emt 0:03:54]} Bc4 {[%emt 0:00:41]} 56. h4 {[%emt 0:00:05]} Re2 {[%emt 0:00:46]} 57. Rg5 {[%emt 0:00:11]} Kf8 {[%emt 0:00:17]} 0-1

[Event "11th Arad Open 2018"]
[Site "Arad"]
[Date "2018.08.09"]
[Round "6"]
[White "Ghimpu, Samuel-Timotei"]
[Black "Peptan, Corina-Isabela"]
[Result "1/2-1/2"]
[WhiteElo "2184"]
[BlackElo "2380"]
[Annotator "NA"]
[PlyCount "171"]
[EventDate "2018.08.05"]
[EventType "swiss"]
[EventCountry "ROU"]
[SourceTitle "playchess.com"]
[Source "ChessBase"]
[SourceQuality "1"]
[TimeControl "40/5400+30:1800+30"]

1. Nf3 {[%emt 0:00:07]} d5 {[%emt 0:00:00]} 2. g3 {[%emt 0:00:15]} c6 {[%emt 0:00:01]} 3. Bg2 {[%emt 0:00:12]} Nf6 {[%emt 0:00:04]} 4. O-O {[%emt 0:00:22]} Bf5 {[%emt 0:01:40]} 5. c4 {[%emt 0:06:20]} e6 {[%emt 0:01:01]} 6. d4 {[%emt 0:01:44]} Nbd7 {[%emt 0:01:27]} 7. Qb3 {[%emt 0:03:48]} Qb6 {[%emt 0:05:25]} 8. c5 {[%emt 0:04:14]} Qa6 {[%emt 0:02:17]} 9. Nc3 {[%emt 0:09:05]} b6 {[%emt 0:01:01]} 10. cxb6 {[%emt 0:01:42]} axb6 {[%emt 0:00:18]} 11. Nh4 {[%emt 0:00:15]} b5 {[%emt 0:02:32]} 12. Nxf5 {[%emt 0:27:19]} exf5 {[%emt 0:00:02]} 13. Qc2 {[%emt 0:00:52]} b4 {[%emt 0:03:39]} 14. Nd1 {[%emt 0:00:21]} g6 {[%emt 0:00:56]} 15. b3 {[%emt 0:02:06]} Bg7 {[%emt 0:03:09]} 16. Bf4 {[%emt 0:04:11]} O-O {[%emt 0:01:37]} 17. Nb2 {[%emt 0:12:25]} Ne4 {[%emt 0:05:51]} 18. Bxe4 {[%emt 0:00:27]} fxe4 {[%emt 0:00:43]} 19. Be3 {[%emt 0:05:15]} Rfc8 {[%emt 0:28:12]} 20. Rfd1 {[%emt 0:03:15]} Nb6 {[%emt 0:07:21]} 21. Bf4 {[%emt 0:10:52]} Bf8 {[%emt 0:00:26]} 22. Be3 {[%emt 0:00:23]} Qb7 {[%emt 0:08:45]} 23. Rdc1 {[%emt 0:02:02]} Qe7 {[%emt 0:00:28]} 24. Qd2 {[%emt 0:00:57]} Qf6 {[%emt 0:04:06]} 25. Rc2 {[%emt 0:01:17]} Ra6 {[%emt 0:01:55]} 26. Bg5 {[%emt 0:00:56]} Qe6 {[%emt 0:01:13]} 27. Nd1 {[%emt 0:01:14]} Na8 {[%emt 0:06:45]} 28. Bf4 {[%emt 0:00:32]} Nc7 {[%emt 0:00:54]} 29. Bxc7 {[%emt 0:01:14]} Rxc7 {[%emt 0:00:02]} 30. Rac1 {[%emt 0:00:43]} h5 {[%emt 0:01:58]} 31. e3 {[%emt 0:00:24]} Qc8 {[%emt 0:02:06]} 32. Qe2 {[%emt 0:00:26]} Qa8 {[%emt 0:00:31]} 33. Kg2 {[%emt 0:00:34]} Rca7 {[%emt 0:00:20]} 34. Nb2 {[%emt 0:00:17]} Rxa2 {[%emt 0:02:07]} 35. Na4 {[%emt 0:00:29]} Rxc2 {[%emt 0:00:47]} 36. Qxc2 {[%emt 0:00:02]} Ra6 {[%emt 0:00:18]} 37. Qe2 {[%emt 0:01:21]} Be7 {[%emt 0:01:18]} 38. h4 {[%emt 0:00:26]} Kg7 {[%emt 0:00:09]} 39. Rc2 {[%emt 0:00:32]} Ra7 {[%emt 0:04:04]} 40. Qd1 {[%emt 0:00:00]} Qc8 {[%emt 0:00:00]} 41. Kh2 {[%emt 0:23:37]} Qa6 {[%emt 0:26:49]} 42. Kg1 {[%emt 0:03:06]} Rd7 {[%emt 0:01:31]} 43. Qf1 {[%emt 0:00:58]} Qb7 {[%emt 0:00:18]} 44. Nc5 {[%emt 0:02:13]} Bxc5 {[%emt 0:00:02]} 45. Rxc5 {[%emt 0:00:09]} Qb6 {[%emt 0:00:11]} 46. Qc1 {[%emt 0:00:38]} Rc7 {[%emt 0:01:23]} 47. Qd2 {[%emt 0:00:19]} Ra7 {[%emt 0:00:49]} 48. Qc1 {[%emt 0:02:32]} Ra6 {[%emt 0:02:16]} 49. Kg2 {[%emt 0:00:59]} Qb7 {[%emt 0:00:07]} 50. Kh2 {[%emt 0:00:48]} Qa8 {[%emt 0:00:38]} 51. Qd2 {[%emt 0:00:32]} Ra1 {[%emt 0:03:36]} 52. Rc1 {[%emt 0:00:16]} Rxc1 {[%emt 0:00:16]} 53. Qxc1 {[%emt 0:00:01]} Qa2 {[%emt 0:00:01]} 54. Kg2 Qxb3 {[%emt 0:00:08]} 55. Qxc6 {[%emt 0:00:49]} Qc4 {[%emt 0:00:20]} 56. Qd6 {[%emt 0:00:19]} Qb5 {[%emt 0:00:15]} 57. Qe5+ {[%emt 0:01:27]} Kg8 {[%emt 0:00:01]} 58. g4 {[%emt 0:00:27]} Qe2 {[%emt 0:04:08]} 59. gxh5 {[%emt 0:00:21]} Qg4+ {[%emt 0:00:14]} 60. Kf1 {[%emt 0:00:11]} gxh5 {[%emt 0:00:34]} 61. Qe8+ {[%emt 0:01:15]} Kg7 {[%emt 0:00:01]} 62. Qe5+ {[%emt 0:00:10]} Kg6 {[%emt 0:01:11]} 63. Qxd5 {[%emt 0:00:25]} Qxh4 {[%emt 0:00:18]} 64. Qd6+ {[%emt 0:00:14]} Kg7 {[%emt 0:00:25]} 65. Qxb4 {[%emt 0:00:29]} Qh1+ {[%emt 0:00:01]} 66. Ke2 {[%emt 0:00:06]} h4 {[%emt 0:00:06]} 67. Qe7 {[%emt 0:00:43]} Qf3+ {[%emt 0:00:04]} 68. Kf1 {[%emt 0:00:05]} Qg4 {[%emt 0:01:10]} 69. Qe5+ {[%emt 0:00:32]} Kg6 {[%emt 0:00:10]} 70. Qd6+ {[%emt 0:00:39]} f6 {[%emt 0:00:11]} 71. Qd5 {[%emt 0:01:38]} Qf3 {[%emt 0:02:07]} 72. Qg8+ {[%emt 0:00:18]} Kh5 {[%emt 0:00:02]} 73. Kg1 {[%emt 0:00:19]} f5 {[%emt 0:00:42]} 74. d5 {[%emt 0:00:31]} Qd1+ {[%emt 0:00:46]} 75. Kg2 {[%emt 0:00:04]} Qf3+ {[%emt 0:00:27]} 76. Kg1 {[%emt 0:00:03]} Qd1+ {[%emt 0:00:30]} 77. Kg2 {[%emt 0:00:45]} Qf3+ {[%emt 0:00:13]} 78. Kg1 {[%emt 0:00:07]} Kh6 {[%emt 0:00:28]} 79. Qh8+ {[%emt 0:00:53]} Kg5 {[%emt 0:00:07]} 80. Qg7+ {[%emt 0:00:08]} Kh5 {[%emt 0:00:04]} 81. Qg8 {[%emt 0:00:56]} Qd1+ {[%emt 0:00:40]} 82. Kg2 {[%emt 0:00:12]} Qf3+ {[%emt 0:01:35]} 83. Kg1 {[%emt 0:00:01]} Kh6 {[%emt 0:00:34]} 84. Qh8+ {[%emt 0:00:22]} Kg5 {[%emt 0:00:16]} 85. Qg7+ {[%emt 0:00:05]} Kh5 {[%emt 0:00:06]} 86. Qg8 {[%emt 0:00:04]} 1/2-1/2